| 000 | 01514nam a22002417a 4500 | ||
|---|---|---|---|
| 005 | 20241220105659.0 | ||
| 010 | _aB-760453-463 07/24,CHHN B-761496 | ||
| 020 |
_a9788185255958 _c300.00 |
||
| 035 | _aB-760453-463 | ||
| 035 | _aB-761496 | ||
| 037 | _bअभिव्यक्ति प्रकाशन | ||
| 082 | _a598.07 | ||
| 100 |
_aशर्मा, श्याम सुन्दर _975476 |
||
| 245 |
_aदूर देश के पंछी / _cश्याम सुन्दर शर्मा एवं अशोक कुमार मल्होत्रा |
||
| 246 |
_aDoor Desh Ke Panchi / _b |
||
| 260 |
_aदिल्ली _bअभिव्यक्ति प्रकाशन _c2023 |
||
| 270 |
_a29/61, पहली मंजिल,गली नं. 11विश्वास नगर _bदिल्ली _e110032 _k09873072324 |
||
| 300 |
_a88पृ _c22 सेमी.(सजिल्द) _bसचित्र |
||
| 700 |
_a मल्होत्रा,अशोक कुमार _971215 |
||
| 942 |
_2ddc _cCH _h598.07 _mशर्माश्या |
||
| 999 |
_c205649 _d205649 |
||